Представление документа в формате RUSMARC

ПолеНазваниеЗначение
  Тип записи a
  Библиографический уровень m
001 Контрольный номер 971dbdf606f343ea88ff6dcc2396b1d0
005 Дата корректировки 20250825100750.7
010 Индекс ISBN __
a ISBN 978-5-9951-4638-4
b Уточнения в пер.
100 Данные общей обработки __
a Данные общей обработки 20250707d 0rusy0189## ca
101 Язык документа 0_
a Язык текста rus
102 Страна публикации __
a Страна публикации RU
200 Заглавие и сведения об ответственности 1_
a Заглавие Птицы
f Первые сведения об ответственности Натали Торджман
e Сведения, относящиеся к заглавию для детей среднего школьного возраста
g Последующие сведения об ответственности худож.: Жюдит Гейфье и Жюльен Норвуд
g Последующие сведения об ответственности пер. Е. А. Иванкевич
210 Выходные данные 1_
a Место издания Москва
c Издательство Стрекоза
d Дата издания 2024
215 Физическое описание __
a Объем 73, [1] с.
c Иллюстрации/тип воспроизводства цв. ил.
225 Серия 2_
a Серия Non fiction
300 Общие примечания __
a Общие примечания Предм. указ.: с. 73
333 Примечание о целевом назначении __
a Примечание о целевом назначении 6+
606 Тематические рубрики 0_
a Основная рубрика Зоология - Птицы
610 Ключевые слова 0_
a Ключевые слова позвоночные; орнитология; птицы; птичьи клювы; птичьи крылья; викторины для детей; птичьи гнёзда; птенцы; места обитания; познавательная литература; интересные факты о птицах
686 Индексы других классификаций __
a Классификационный индекс 28.693.35
700 Автор _1
a Фамилия Торджман
b Имя (инициалы) Н.
g Полное личное имя Натали
801 Источник записи _0
a Страна RU
b Организация УОБДЮ
c Дата составления 20250707
g Правила каталогизации RCR
801 Источник записи _1
a Страна RU
b Организация УОБДЮ
c Дата составления 20250707
g Правила каталогизации RCR
830 Общее примечание каталогизатора __
a Текст примечания Д
852 Данные о местонахождении __
i Авторский знак Т 60
j Шифр хранения 28.693.3
900 Электронные ресурсы __
a Имя электронного ресурса 591405
901 Тип документа __
t Тип документа m
905 Данные по созданию БЗ __
b Логин пользователя, который создал БЗ imm
b Логин пользователя, который создал БЗ o8
a Дата создания БЗ 202509
909 Создатель записи __
b Дата создания записи 20250707